All Geometry Dash Levels - Statistics

General Stats
  • This quiz has been taken 296 times
  • The average score is 17 of 20
Answer Stats
Hint Answer % Correct
Level 1 Stereo Madness
95%
Level 2 Back on Track
94%
Level 5 Base After Base
91%
Level 6 Cant Let Go
91%
Level 4 Dry Out
91%
Level 7 Jumper
91%
Level 3 Polargeist
90%
Level 8 Time Machine
89%
Level 10 xStep
89%
Level 9 Cycles
88%
Level 12 Theory of Everything
87%
Level 11 Clutterfunk
86%
Level 14 Clubstep
85%
Level 13 Electroman Adventures
82%
Level 18 Theory of Everything 2
80%
Level 20 Deadlocked
79%
Level 15 Electrodynamix
78%
Level 16 Hexagon Force
77%
Level 17 Blast Processing
74%
Level 19 Geometrical Dominator
74%
No matching quizzes found
Score Distribution
Percent of People with Each Score
Percentile by Number Answered
Your Score History
You have not taken this quiz